[Event "Londrina op"]
[White "Sano, Isis Kaori Vilas Bo"]
[Black "Yoshi, Ingrid Mayumi Da Si"]
[Site "Londrina"]
[Round "6"]
[Result "0-1"]
[Date "2024.11.10"]
[WhiteElo "1771"]
[BlackElo "1775"]
[PlyCount "72"]
[EventDate "2024.11.08"]
[EventType "swiss"]
[EventRounds "6"]
[EventCountry "BRA"]
[SourceTitle "CB45_2024"]
[Source "ChessBase"]
[SourceDate "2024.11.06"]
[SourceVersion "1"]
[SourceVersionDate "2024.11.06"]
[SourceQuality "1"]

1. d4 d5 2. Bf4 Bf5 3. Nf3 Nc6 4. e3 Nf6 5. Nbd2 e6 6. h3 Bd6 7. Bxd6 Qxd6 8. g4 Be4 9. Bg2 Nb4 10. Nxe4 dxe4 11. Nd2 Qc6 12. a3 Nxc2+ 13. Kf1 Nxa1 14. Qxa1 0-0-0 15. Qb1 e5 16. Nxe4 Qa6+ 17. Kg1 exd4 18. Bf1 Qa4 19. Nxf6 gxf6 20. Qf5+ Kb8 21. Bg2 dxe3 22. fxe3 Qa6 23. Bf1 Rd1 24. Rh2 Qb6 25. Qf4 h5 26. Rc2 Rc8 27. gxh5 Qe6 28. Kh2 Ka8 29. Bg2 c6 30. Qf3 Rcd8 31. b4 Qb3 32. Rf2 Qxa3 33. b5 Qc5 34. b6 Qxb6 35. Qxf6 Qxe3 36. Qxf7 Qe5+ 0-1